000 00585cam a2200229 a 4500
001 15413276
005 20180205092206.0
008 080814s2008 ohua 001 0 eng
010 _a 2008935333
020 _a9780324590371
020 _a0324590377
040 _aDLC
_cDLC
_dDLC
041 _aeng
080 _a339
082 0 0 _a339 MAN
_222
100 1 _a52
101 _aMAK
245 1 0 _aBrief principles of macroeconomics /
_cN. Gregory Mankiw.
906 _a7
_bcbc
_corignew
_d2
_eepcn
_f20
_gy-gencatlg
942 _2ddc
_cBK
999 _c41826
_d41826